Detalles MARC
| 000 -LIDER |
| fixed length control field |
00935nam a2200277 a 4500 |
| 001 - NÚMERO DE CONTROL |
| Identificador de número de control |
000038166 |
| 003 - IDENTIFICACDOR DE NÚMERO DE CONTROL |
| control field |
000038166 |
| 005 - DATE AND TIME OF LATEST TRANSACTION |
| control field |
20171013120459.0 |
| 008 - ELEMENTOS DE LONGITUD FIJA |
| fixed length control field |
130320s2000 dr 000 0 spa d |
| 040 ## - FUENTE DE CATALOGACIÓN |
| Agencia que crea de manera original el registro |
BPMSU |
| Idioma de catalogación |
spa |
| Agencia que realiza la transcripción |
BPMSU |
| 082 04 - NÚMERO DE CLASIFICACIÓN DECIMAL DE DEWEY |
| Classification number |
972.93054 |
| Item number |
B171v, 2000 |
| 100 1# - ASIENTO PRINCIPAL -- NOMBRE PERSONAL |
| Nombre personal |
Balaguer, Joaquín |
| Fechas asociadas con el nombre |
1906 - 2000 |
| 245 13 - MENCIÓN DE TITULO |
| Título |
La voz del capitolio : |
| Subtítulo |
discursos / |
| Mención de responsabilidad |
Joaquín Balaguer. |
| 250 ## - MENCIÓN DE EDICION |
| Mención de edición |
2a ed. |
| 260 ## - PUBLICACIÓN, DISTRIBUCIÓN, ETC. (PIE DE IMPRENTA) |
| Lugar de publicación, distribución, etc |
Santo Domingo : |
| Nombre del editor, distribuidor, etc. |
Corripio , |
| Fecha de publicación, distribución, etc |
2000. |
| 300 ## - DESCRIPCIÓN FÍSICA |
| Extensión |
370 p. : |
| Dimensiones |
24 cm. |
| 490 ## - MENCIÓN DE SERIES |
| Mención de serie |
Discursos |
| Volume/sequential designation |
9 |
| 600 14 - ENCABEZAMIENTO DE MATERIA--NOMBRE PERSONAL |
| Nombre personal |
BALAGUER, JOAQUIN, |
| Fechas asociadas con el nombre |
1906-2002 |
| Subdivisión temática general |
ENSAYOS, CONFERENCIAS, ETC. |
| 651 #4 - ENCABEZAMIENTO DE MATERIA--NOMBRE GEOGRÁFICO |
| Nombre geográfico |
REPÚBLICA DOMINICANA |
| Subdivisión temática general |
HISTORIA |
| Subdivisión cronológica |
ERA DE TRUJILLO, 1930-1961 |
| 651 #4 - ENCABEZAMIENTO DE MATERIA--NOMBRE GEOGRÁFICO |
| Nombre geográfico |
REPÚBLICA DOMINICANA |
| Subdivisión temática general |
POLÍTICA Y GOBIERNO |
| Subdivisión cronológica |
1930-1961 |
| 830 #0 - ASIENTO SECUNDARIO DE SERIE--TÍTULO UNIFORME |
| Título uniforme |
Discursos |
| Número de la parte o sección de una obra |
9 |
| 910 ## - VALIDACIÓN |
| Validación |
Validado. Control de calidad MFF |
| 942 ## - ADDED ENTRY ELEMENTS (KOHA) |
| Source of classification or shelving scheme |
Dewey Decimal Classification |
| Koha item type |
Libros |
| 945 ## - INFORMACIÓN DE PROCESAMIENTO LOCAL |
| Información de procesamiento local |
Título remanejado para BNPHU / 2017 VM |
| 956 ## - LOCAL ELECTRONIC LOCATION AND ACCESS (OCLC) |
| Nombre de host |
VMATEO |
| Información de compresión |
20150720 |
| Inicio de sesión |
BPMSU |
| Procesador de solicitud |
0069 |